Biggest City in Each American Country on a Map - Statistics

General Stats
  • This quiz has been taken 189 times
  • The average score is 32 of 35
Answers on the Map
Answers color-coded by a green-red scale on the quiz's map according to % correct below.
 
Answer Stats
Country Population City % Correct
United States of America 8,336,817 New York City
100%
Cuba 2,132,394 Havana
99%
Mexico 8,843,706 Mexico City
99%
Panama 430,299 Panama City
99%
Canada 2,731,571 Toronto
99%
Colombia 7,744,000 Bogota
98%
Argentina 3,054,300 Buenos Aires
98%
Venezuela 3,289,886 Caracas
98%
Guatemala 923,392 Guatemala City
98%
Jamaica 669,627 Kingston
98%
Saint Vincent and the Grenadines 26,828 Kingstown
98%
Peru 8,894,412 Lima
98%
El Salvador 570,459 San Salvador
98%
Chile 5,507,282 Santiago
98%
Brazil 12,214,440 Sao Paulo
98%
Uruguay 1,379,560 Montevideo
97%
Haiti 987,310 Port-au-Prince
97%
Dominican Republic 1,007,997 Santo Domingo
97%
Paraguay 521,600 Asuncion
95%
Bahamas 246,329 Nassau
95%
Costa Rica 342,188 San Jose
95%
Guyana 118,369 Georgetown
93%
Suriname 240,924 Paramaribo
91%
Nicaragua 1,041,145 Managua
90%
Belize 65,173 Belize City
87%
Ecuador 2,589,229 Guayaquil
87%
Honduras 1,092,960 Tegucigalpa
86%
Barbados 110,000 Bridgetown
85%
Antigua and Barbuda 22,219 Saint John's
84%
Dominica 14,725 Roseau
81%
Grenada 33,734 Saint George's
81%
Saint Kitts and Nevis 14,000 Basseterre
80%
Bolivia 1,614,224 Santa Cruz
80%
Saint Lucia 20,000 Castries
79%
Trinidad and Tobago 83,516 Chaguanas
36%
No matching quizzes found
Score Distribution
Percent of People with Each Score
Percentile by Number Answered
Your Score History
You have not taken this quiz